000
00337nam a2200157Ia 4500
100
_a
Mahatma/ Gandhi
650
_a
English
942
_c
BK
654
_a
Autobiography
245
_a
An Autobiography
260
_b
Navajivan Publishing House
_a
Ahmedabad
082
_a
920
_b
GAN
300
_a
404
546
_a
ENGLISH
999
_c
30734
_d
30734